"Adalet Bakanlığı Yargı Reformu Stratejisi" belgesi gölgesinde yargı reformu sempozyumu (Record no. 3238)

MARC details
000 -BAŞLIK
Sabit Uzunlukta Kontrol Alanı 00964na a2200265 4500
001 - KONTROL NUMARASI
Denetim Alanı 17186
003 - KONTROL NUMARASI IDENTIFIER
Denetim Alanı MIRAKIL
005 - SON İŞLEM TARİHİ VE ZAMANI
Denetim Alanı 20181213154925.0
008 - SABİT-BOY VERİ ELEMANLARI - GENEL BİLGİLER
Sabit Uzunlukta Kontrol Alanı 161023b tu 000 0
020 ## - ULUSLARARASI STANDART KİTAP NUMARASI
Uluslararası Standart Kitap Numarası 9789944234610
035 ## - SİSTEM KONTROL NUMARASI
Sistem Kontrol Numarası 17186
040 ## - KATALOGLAMA KAYNAK
Orijinal Kataloglama Ajansı Milas
Kataloglama Dili tur
Metne Dönüştürmek Ajansı TR-AnCHP
041 ## - DİL KODU
Metin / Ses Parça Veya Ayrı Başlığın Dil Kodu tur
082 ## - DEWEY ONLU SINIFLANDIRMA NUMARASI
Sınıflandırma Numarası 340.309561
Ürün Numarası A22a 2008
090 ## - SINIFLAMA NUMARASI
Sınıflama Numarası 340.309561 A22a 2008
111 ## - ANA GİRİŞ - TOPLANTI ADI
Giriş Elemanı Olarak Toplantı Adı Veya Yargı Alanı Adı "Adalet Bakanlığı Yargı Reformu Stratejisi" Belgesi Gölgesinde Yargı Reformu Sempozyumu
Toplantının Yeri Ankara
Toplantı Veya Antlaşma İmzalandığı Tarihi 2008
245 ## - BAŞLIK TABLOSU
Başlık "Adalet Bakanlığı Yargı Reformu Stratejisi" belgesi gölgesinde yargı reformu sempozyumu
Başlığın Kalan 18-20 Haziran 2008 Ankara
260 ## - YAYIN, DAĞITIM, VB
Yayın, Dağıtım, Vb Yeri Ankara
Yayıncı, Dağıtıcı, Vs Adı Türkiye Barolar Birliği
Yayın, Dağıtım, Vb Tarihi 2008
300 ## - FİZİKSEL TANIM
Kapsam x, 637 s.
Boyutlar 24 sm.
490 ## - SERİSİ TABLOSU
Seri Beyanı Türkiye Barolar Birliği yayınları
Hacim / Ardışık Tanımı 151
650 ## - KONU KATMA GİRİŞ - TOPİKAL DÖNEM
Topikal Süreli Veya Coğrafi Ad Giriş Elemanı Yargı reformu
Kronolojik Alt Bölümü Toplantılar
Coğrafi Alt Bölümü Türkiye
650 ## - KONU KATMA GİRİŞ - TOPİKAL DÖNEM
Topikal Süreli Veya Coğrafi Ad Giriş Elemanı Hukuk reformu
Genel Alt Bölümü Yargı
Kronolojik Alt Bölümü Toplantılar
Coğrafi Alt Bölümü Türkiye
651 ## - KONU KATMA GİRİŞ - COĞRAFİ ADI
Coğrafi İsim Türkiye
Genel Alt Bölümü Yargı sistemi
Kronolojik Alt Bölümü Toplantılar
942 ## - EKLENDİ GİRİŞ ELEMANLARI (KOHA)
Sınıflandırma Veya Raf Düzeni Kaynak Dewey Decimal Classification
Koha Öğesi Türü Books
999 ## - SİSTEM KONTROL NUMARALARI (KOHA)
Koha Biblionumber 3238
Koha Biblioitemnumber 3238
Holdings
Kalıcı Konum Mevcut Konum Edinme Tarihi Edinim Kaynak Toplam Check-Out'Lar Tam Çağrı Numarası Barkod Tarih Son Görülme İtibaren Geçerli Fiyatlar Koha Öğesi Türü
CHP Kütüphanesi CHP Kütüphanesi 10/23/2016 Bağış   340.309561 A22a 2008 005487 10/23/2016 10/23/2016 Books